Do którego państwa ma najbliżej ta stolica? - Statystyki

Ogólne statystyki
  • Ten quiz został rozwiązany 785 razy
  • Średni wynik to 9 z 12
Statystyki odpowiedzi
Państwo / stolica Najbliższy stolicy kraj % Poprawnych
Hiszpania / Madryt Portugalia
93%
Niemcy / Berlin Polska
91%
Meksyk / Meksyk Stany Zjednoczone
89%
Rosja / Moskwa Białoruś
87%
Japonia / Tokio Korea Południowa
84%
Paragwaj / Asuncion Argentyna
78%
Egipt / Kair Izrael
75%
Indie / Nowe Delhi Nepal
75%
Słowenia / Lublana Austria
73%
Serbia / Belgrad Rumunia
71%
Chiny / Pekin Mongolia
70%
Indonezja / Dżakarta Malezja
62%
Nie znaleziono quizów pasujących do podanych kryteriów
Rozkład punktacji
Procent ludzi z każdym wynikiem
Percentyl według liczby udzielonych odpowiedzi
Twoja historia wyników
Nie rozwiązałeś tego quizu